| 000 | 01551nam1a2200349 4500 | ||
|---|---|---|---|
| 001 | RU\NLR\BIBL_A\016335059 | ||
| 005 | 20260406112447.0 | ||
| 010 | _a9785091023466 | ||
| 035 | _a(RuMoRGB)011618759 | ||
| 035 | _a(NLR Aleph) 016335059 | ||
| 090 |
_a13073033 _c13073033 |
||
| 100 | _a20230405g20239999c y0rusy50 ca | ||
| 101 | 0 | _arus | |
| 102 | _aRU | ||
| 105 | _a j | ||
| 181 | 0 |
_ai _baxxe |
|
| 182 | 0 | _an | |
| 200 | 1 |
_aРусский язык _e3 класс _eучебник _eв соответствии с требованиями Федерального государственного образовательного стандарта начального общего образования _eв двух частях _fВ. П. Канакина, В. Г. Горецкий |
|
| 203 |
_aТекст _bвизуальный _cнепосредственный |
||
| 205 | _a14-е изд., перераб. | ||
| 210 |
_aМосква _cПросвещение _d2023 |
||
| 215 | _d26 | ||
| 225 | 1 | _aШкола России | |
| 225 | 1 | _aФГОС | |
| 606 |
_aРусский язык _jУчебники для начальной школы _91533567 _3RU\NLR\AUTH\66969347 |
||
| 686 | 3 | _aШ141.12-922.1[3] | |
| 700 | 1 |
_aКанакина _bВ. П _gВалентина Павловна |
|
| 701 | 1 |
_8rus _7ca _aГорецкий _bВ. Г. _f1924-2009 _gВсеслав Гаврилович _3RU\NLR\AUTH\7764 _9110173 |
|
| 852 |
_aNLR _j2023-7/1788 |
||
| 942 | _cBOOK | ||